| 000 | 00546nam a2200181Ia 4500 | ||
|---|---|---|---|
| 008 | 170510s9999 xx 000 0 und d | ||
| 100 | _aMenahem Blondheim | ||
| 245 | _a Media Theology: New Communication Technologies as religious constructs, metaphors, and experiences | ||
| 245 | _cMenahem Blondheim, Hananel Rosenberg | ||
| 260 | _bSAGE | ||
| 260 | _c2017 | ||
| 300 | _apages 43-51,January | ||
| 440 |
_aNew Media & Society _v19:1 |
||
| 650 | _aBiblical media | ||
| 650 | _aInternet | ||
| 650 | _aMedia theology | ||
| 650 | _aNew media | ||
| 999 |
_c329843 _d329843 |
||